LIBRARY & INFORMATION CENTRE, KCAET, TAVANUR

ONLINE PUBLIC ACCESS CATALOGUE (OPAC)

Press and the public / (Record no. 1501)

MARC details
000 -LEADER
fixed length control field 00400cam a2200157ua 4500
041 ## - LANGUAGE CODE
Language code of text/sound track or separate title eng
082 ## - DEWEY DECIMAL CLASSIFICATION NUMBER
Classification number 070.4
Item number SRI/PR
100 ## - MAIN ENTRY--AUTHOR NAME
Personal name Srinivasan, C R .
245 ## - TITLE STATEMENT
Title Press and the public /
250 ## - EDITION STATEMENT
Edition statement 1 /
260 ## - PUBLICATION, DISTRIBUTION, ETC. (IMPRINT)
Place of publication Thiruvananthapuram :
Name of publisher University of Travancore ,
Year of publication 1944.
300 ## - PHYSICAL DESCRIPTION
Number of Pages 78 ; .
942 ## - ADDED ENTRY ELEMENTS (KOHA)
Koha item type Books
Holdings
Withdrawn status Lost status Damaged status Home library Current library Date acquired Full call number Accession Number Koha item type
Withdrawn     KAUAET Malayalam University 07/04/2012 070.4 9085 Books
free website counter